000 00487nam a2200169Ia 4500
005 20250923145305.0
008 008 250917s9999 xx 000 0 eng d
037 _aTextual
040 _aDSWL
_beng
_cDSWL
041 _aeng
_2eng
084 _aYX,Bx, N73
_qDSWL
245 0 _aShaping the New Social Work
_cEd by Alfred J. Kahn
260 _aNew York
_bColambia University Press
_c1973
300 _aix,221p.
942 _cTEXL
_hYX,Bx, N73
999 _c1449545
_d1449545